Word Ladder - Hate to Love - Statistics

General Stats
  • This quiz has been taken 492 times
  • The average score is 18 of 21
Answer Stats
Hint Answer % Correct
Despise Hate
100%
Buddy Mate
96%
Create Make
95%
Pedal-powered transport Bike
94%
Deep affection Love
94%
Cook by dry heat Bake
93%
Tiny fragments Bits
91%
No IFs and ____ Buts
91%
Single eating act Bite
90%
Symbol of Peace Dove
86%
Time already happened Past
86%
Presenting oneself for photo Pose
85%
Letter sending system Post
85%
Round bread items Buns
84%
Quantity of medicine Dose
84%
An evergreen tree Pine
83%
Forms of humor wordplay Puns
83%
Window glass Pane
79%
Paper fasteners Pins
78%
Speed Pace
72%
Agreement Pact
72%
No matching quizzes found
Score Distribution
Percent of People with Each Score
Percentile by Number Answered
Your Score History
You have not taken this quiz